Memorias de la Real Academia de Ciencias Morales y Políticas (Record no. 172583)
[ view plain ]
| 000 -LEADER | |
|---|---|
| campo de control de longitud fija | 02498nas a2200313 i 4500 |
| 001 - NÚMERO DE CONTROL | |
| campo de control | 172583 |
| 003 - IDENTIFICADOR DE NÚMERO DE CONTROL | |
| campo de control | ES-MaACL |
| 005 - FECHA Y HORA DE LA ÚLTIMA TRANSACCIÓN | |
| campo de control | 20251003181046.0 |
| 007 - CAMPO FIJO DE DESCRIPCIÓN FÍSICA--INFORMACIÓN GENERAL | |
| campo de control de longitud fija | t| |
| 008 - DATOS DE LONGITUD FIJA--INFORMACIÓN GENERAL | |
| campo de control de longitud fija | 090722c1883 sp a| | 1 ||pa d |
| 080 ## - NÚMERO DE LA CLASIFICACIÓN DECIMAL UNIVERSAL | |
| Número de la Clasificación Decimal Universal | 3 : 061.12(460) |
| 110 2# - ENTRADA PRINCIPAL--NOMBRE DE ENTIDAD CORPORATIVA | |
| Nombre de entidad corporativa o nombre de jurisdicción como elemento de entrada | Real Academia de Ciencias Morales y Políticas (España) |
| 9 (RLIN) | 222050 |
| 245 10 - MENCIÓN DEL TÍTULO | |
| Título | Memorias de la Real Academia de Ciencias Morales y Políticas |
| Fechas predominantes | 1883. |
| 260 ## - PUBLICACIÓN, DISTRIBUCIÓN, ETC. | |
| Lugar de publicación, distribución, etc. | Madrid : |
| Nombre del editor, distribuidor, etc. | [s. n.], |
| Fecha de publicación, distribución, etc. | 1883 ( |
| Fabricante | Tip. Gutenberg) |
| 300 ## - DESCRIPCIÓN FÍSICA | |
| Extensión | 1 v. ; |
| Dimensiones | 26 cm. |
| 505 8# - NOTA DE CONTENIDO CON FORMATO | |
| Nota de contenido con formato | Contiene: T. IV : Resumen de las actas leído el 31 de diciembre de 1876 / Fernando Álvarez (18 p.). Movimiento de las ideas religiosas en Europa : exposición y crítica del sistema krausista / Manuel Alonso Martínez (p. 19-74). Estudio sobre la propiedad enfitéutica y las leyes de 20 de agosto y 16 de septiembre de 1873 relativas a la redención de foros y otras cargas territoriales / Florencio Rodríguez Vaamonde (p. 75-144). Informe sobre los foros de Galicia, Asturias y León / Fernando Calderón Collantes (p. 145-202). Informe sobre el juicio oral y público ante jurados (p. 203-258). Política comercial de España / José García Barzanallana (p. 259-336). El parlamento de Inglaterra / José García Barzanallana (p. 337-398). Sobre la educación mixta de los niños de ambos sexos / Fermín Caballero (p. 399-402). El parlamentarismo y la descentralización en Inglaterra / Francisco de Cárdenas (p.403-418). Estado de la población y del trabajo en las islas de Cuba y Puerto Rico / Francisco de Cárdenas (p. 419-454). La huelga de los ferrocarriles de los Estados Unidos de la América del Norte en 1877 / Marqués de la Vega de Armijo (p. 455-504). Proyecto del código penal para el reino de Italia / Víctor Moliner (p. 505-564). Investigación acerca del capital / Melchor Salvá (p. 565-701). |
| 700 1# - ENTRADA AGREGADA--NOMBRE PERSONAL | |
| Nombre de persona | Alvarez, Fernando. |
| 9 (RLIN) | 234200 |
| 700 1# - ENTRADA AGREGADA--NOMBRE PERSONAL | |
| Nombre de persona | Alonso Martínez, Manuel, |
| Fechas asociadas al nombre | 1827-1891 |
| 9 (RLIN) | 20356 |
| 700 1# - ENTRADA AGREGADA--NOMBRE PERSONAL | |
| Nombre de persona | Rodríguez Vaamonde, Florencio. |
| 9 (RLIN) | 98847 |
| 700 0# - ENTRADA AGREGADA--NOMBRE PERSONAL | |
| Nombre de persona | Calderón y Collantes, Fernando, |
| Títulos y otros términos asociados al nombre | Marqués de Reinosa |
| 9 (RLIN) | 33632 |
| 700 1# - ENTRADA AGREGADA--NOMBRE PERSONAL | |
| Nombre de persona | García Barzanallana, José, |
| Fechas asociadas al nombre | 1819-1903 |
| 9 (RLIN) | 54239 |
| 700 1# - ENTRADA AGREGADA--NOMBRE PERSONAL | |
| Nombre de persona | Caballero, Fermín, |
| Fechas asociadas al nombre | 1800-1876 |
| 9 (RLIN) | 33078 |
| 700 1# - ENTRADA AGREGADA--NOMBRE PERSONAL | |
| Nombre de persona | Cárdenas, Francisco de, |
| Fechas asociadas al nombre | 1816-1898 |
| 9 (RLIN) | 35138 |
| 700 1# - ENTRADA AGREGADA--NOMBRE PERSONAL | |
| Nombre de persona | Aguilar y Correa, Antonio, |
| Títulos y otros términos asociados al nombre | Marqués de la Vega de Armijo, |
| Fechas asociadas al nombre | 1824-1908 |
| 9 (RLIN) | 18751 |
| 700 1# - ENTRADA AGREGADA--NOMBRE PERSONAL | |
| Nombre de persona | Moliner, Víctor. |
| 9 (RLIN) | 141110 |
| 700 1# - ENTRADA AGREGADA--NOMBRE PERSONAL | |
| Nombre de persona | Salvá, Melchor, |
| Fechas asociadas al nombre | 1834-1918 |
| 9 (RLIN) | 102056 |
| 852 ## - LOCALIZACIÓN | |
| Ubicación | ES-MaACL |
| Número de control de estantería | K-174 |
| Estatus retirado | Estado de pérdida | Estado de daño | No para préstamo | Colección | Biblioteca de origen | Biblioteca actual | Ubicación en estantería | Fecha de adquisición | Total de préstamos | Signatura topográfica completa | Código de barras | Visto por última vez | Precio de reemplazo | Tipo de ítem Koha |
|---|---|---|---|---|---|---|---|---|---|---|---|---|---|---|
| Periódicos y Revistas | Biblioteca del Ateneo de Madrid | Biblioteca del Ateneo de Madrid | Administración | 22/07/2009 | K-174 | 1181112 | 23/02/2023 | 23/02/2023 | Revista |
